Statystyki dla Znana Strona internetowa

Kliknij tutaj aby rozwiązać quiz!

Ogólne statystyki

  • Ten quiz został rozwiązany 68 razy
  • Średni wynik to 3 z 7

Statystyki odpowiedzi

Odpowiedź% Poprawnych
Facebook
86%
YouTube
78%
Onet
45%
Allegro
38%
Amazon
24%
Netflix
17%
Librus
2%

Rozkład punktacji

Percentyl według liczby udzielonych odpowiedzi

Procent ludzi z każdym wynikiem

Twoja historia wyników

Nie rozwiązałeś tego quizu